Normal view
MARC view
Entry Personal Name
001 - CONTROL NUMBER
- control field: 56925
003 - CONTROL NUMBER IDENTIFIER
- control field: dpl
005 - DATE AND TIME OF LATEST TRANSACTION
- control field: 20230919120003.0
008 - FIXED-LENGTH DATA ELEMENTS
- fixed length control field: 230919|| aca||aabn | a|a d
040 ## - CATALOGING SOURCE
- Original cataloging agency: dpl
- Transcribing agency: dpl
100 ## - HEADING--PERSONAL NAME
- Personal name: Abhishek, P
670 ## - SOURCE DATA FOUND
- Source citation: Work cat.: (dpl)198348: Kiran, J.K Sandhya 56924, Disaster Preparation & Planning Manegement/, 2023
